| 000 | 00653nam a2200217Ii 4500 | ||
|---|---|---|---|
| 003 | JO-AjNU | ||
| 008 | 230606s9999||||xx |||||||||||||| ||und|| | ||
| 020 | _a978-1-292-14863-2 | ||
| 040 |
_aJO-AjNU _beng _erda _cJO-AjNU |
||
| 041 | _aeng | ||
| 050 | 1 | 4 | _aTS155.H3725 2017 |
| 100 | 3 |
_aHEIZER, JAY, BARRY RENDER, CHUCK MUNSON, _eauthor _95909 |
|
| 245 | 0 | 0 | _aOperations Management: Sustainability and Supply Chain Management |
| 250 | _a12 ed | ||
| 264 | 3 | 1 | _aNew York: Person, 2018 |
| 300 | _a909p | ||
| 336 |
_atext _btxt _2rdacontent |
||
| 337 |
_aunmediated _bn _2rdamedia |
||
| 338 |
_avolume _bnc _2rdacarrier |
||
| 650 | 4 |
_aManagement _95910 |
|
| 999 |
_aE3066 _c3063 _d3063 |
||